Влияние температуры прокатки на формирование структуры и свойств стали Р6М5; Станки и инструмент; № 4

Bibliografiset tiedot
Parent link:Станки и инструмент
№ 4.— 1976.— С. 26-27
Päätekijä: Хазанов И. О.
Muut tekijät: Чумаков А. Н., Корзунин Ю. К.
Kieli:venäjä
Julkaistu: 1976
Aiheet:
Aineistotyyppi: Kirjan osa
KOHA link:https://koha.lib.tpu.ru/cgi-bin/koha/opac-detail.pl?biblionumber=593882

MARC

LEADER 00000naa0a2200000 4500
001 593882
005 20241213120051.0
035 |a (RuTPU)RU\TPU\tpu\7648 
090 |a 593882 
100 |a 20020118d1976 k||y0rusy50 ca 
101 0 |a rus 
102 |a RU 
200 1 |a Влияние температуры прокатки на формирование структуры и свойств стали Р6М5  |f И. О. Хазанов, А. Н. Чумаков, Ю. К. Корзунин 
461 |t Станки и инструмент 
463 |t № 4  |v С. 26-27  |d 1976 
610 1 |a сталь Р6М5 
610 1 |a прокатка 
610 1 |a труды учёных ТПУ 
700 1 |a Хазанов  |b И. О. 
701 1 |a Чумаков  |b А. Н. 
701 1 |a Корзунин  |b Ю. К. 
801 0 |a RU  |b 63413507  |c 20020118  |g PSBO 
801 2 |a RU  |b 63413507  |c 20090610  |g PSBO 
942 |c CR